Les 100 meilleurs footballeurs de 2024 par images - Statistiques

Statistiques générales
  • Ce quiz a été pris 225 fois
  • Le résultat moyen est 77 sur 100
Statistiques - réponses
Par images Réponse % Correct
Erling Haaland
100%
Kylian Mbappé
99%
Lamine Yamal
99%
Harry Kane
98%
Jude Bellingham
98%
Mohamed Salah
96%
Vinícius Júnior
96%
Phil Foden
95%
Cristiano Ronaldo
94%
Lionel Messi
94%
Robert Lewandowski
94%
Antoine Griezmann
93%
Kevin De Bruyne
93%
Cole Palmer
92%
Lautaro Martínez
92%
Rodri
92%
Toni Kroos
92%
Achraf Hakimi
91%
Emiliano Martínez
91%
Bukayo Saka
90%
Virgil Van Dijk
90%
Thibaut Courtois
89%
Antonio Rüdiger
88%
Luka Modric
88%
Nico Williams
88%
Bernardo Silva
87%
Dani Carvajal
87%
William Saliba
87%
Dani Olmo
86%
Fede Valverde
86%
Jamal Musiala
86%
Pedri
86%
Raphinha
86%
Vitinha
86%
Fabián Ruiz
85%
Jules Koundé
85%
Martin Ødegaard
85%
Ángel Di María
84%
Florian Wirtz
84%
Rodrygo
84%
Bradley Barcola
83%
Declan Rice
81%
Marcus Thuram
81%
Eduardo Camavinga
80%
Ederson
79%
Micheal Olise
79%
Mike Maignan
79%
Marc Cucurella
78%
Alexis Mac Allister
77%
Julián Alvarez
77%
Luis Díaz
77%
Rafael Leão
77%
Alisson
76%
Kyle Walker
76%
Rúben Dias
76%
Viktor Gyökeres
76%
Trent Alexander-Arnold
75%
Xavi Simons
75%
Ademola Lookman
74%
Bruno Fernandes
74%
James Rodríguez
74%
Jonathan David
74%
Joshua Kimmich
74%
Josko Gvardiol
74%
Serhou Guirassy
74%
Álvaro Morata
73%
Federico Dimarco
73%
Nicolò Barella
73%
Alexander Isak
72%
Mats Hummels
72%
Granit Xhaka
71%
Victor Osimhen
71%
Kai Havertz
68%
Khvicha Kvaratskhelia
67%
Marcel Sabitzer
67%
Pau Cubarsí
67%
Omar Marmoush
66%
Son Heung-min
66%
Cody Gakpo
65%
Dusan Vlahovic
65%
David Raya
64%
Jeremie Frimpong
64%
Alex Grimaldo
63%
Alessandro Bastoni
62%
Christian Pulisic
62%
Hakan Calhanoglu
61%
Jonathan Tah
61%
Julian Brandt
61%
Andriy Lunin
59%
Gregor Kobel
59%
Ollie Watkins
57%
Victor Boniface
57%
Savinho
56%
Unai Simón
56%
Cristian Romero
51%
Riccardo Calafiori
51%
Artem Dovbyk
47%
Giorgi Mamardashvili
42%
Aleksandar Mitrovic
38%
Gabriel Magalhães
36%
Aucun quiz correspondant
Distribution des résultats
% des personnes avec chaque résultat
Percentile par nombre de réponses
Votre historique - résultats
Vous n’avez pas pris ce quiz